<?xml version="1.0" encoding="UTF-8"?><?xml-stylesheet type="text/xsl" href="static/style.xsl"?><OAI-PMH xmlns="http://www.openarchives.org/OAI/2.0/" xmlns:xsi="http://www.w3.org/2001/XMLSchema-instance" xsi:schemaLocation="http://www.openarchives.org/OAI/2.0/ http://www.openarchives.org/OAI/2.0/OAI-PMH.xsd"><responseDate>2026-04-14T02:44:46Z</responseDate><request verb="GetRecord" identifier="oai:www.recercat.cat:20.500.12327/3405" metadataPrefix="marc">https://recercat.cat/oai/request</request><GetRecord><record><header><identifier>oai:recercat.cat:20.500.12327/3405</identifier><datestamp>2025-10-22T11:15:02Z</datestamp><setSpec>com_2072_4428</setSpec><setSpec>com_2072_4427</setSpec><setSpec>col_2072_487898</setSpec></header><metadata><record xmlns="http://www.loc.gov/MARC21/slim" xmlns:dcterms="http://purl.org/dc/terms/" xmlns:xsi="http://www.w3.org/2001/XMLSchema-instance" xmlns:doc="http://www.lyncode.com/xoai" xsi:schemaLocation="http://www.loc.gov/MARC21/slim http://www.loc.gov/standards/marcxml/schema/MARC21slim.xsd">
   <leader>00925njm 22002777a 4500</leader>
   <datafield ind2=" " ind1=" " tag="042">
      <subfield code="a">dc</subfield>
   </datafield>
   <datafield ind2=" " ind1=" " tag="720">
      <subfield code="a">Duran-Montgé, P.</subfield>
      <subfield code="e">author</subfield>
   </datafield>
   <datafield ind2=" " ind1=" " tag="720">
      <subfield code="a">Realini, Carolina</subfield>
      <subfield code="e">author</subfield>
   </datafield>
   <datafield ind2=" " ind1=" " tag="720">
      <subfield code="a">Barroeta, A. C.</subfield>
      <subfield code="e">author</subfield>
   </datafield>
   <datafield ind2=" " ind1=" " tag="720">
      <subfield code="a">Lizardo, Rosil</subfield>
      <subfield code="e">author</subfield>
   </datafield>
   <datafield ind2=" " ind1=" " tag="720">
      <subfield code="a">Esteve-Garcia, Enric</subfield>
      <subfield code="e">author</subfield>
   </datafield>
   <datafield ind2=" " ind1=" " tag="260">
      <subfield code="c">2008-12-01</subfield>
   </datafield>
   <datafield ind2=" " ind1=" " tag="520">
      <subfield code="a">Dietary fat influences the physico-chemical properties of meat, and fatty acid (FA) composition may have implications on&#xd;
human health. The objectives of the experiment were to study tissue FA partitioning and the effect of dietary fat source on&#xd;
tissue FA composition. Seventy crossbred gilts (61.8 6 5.2 kg BW average) were fed one of seven treatments: a diet containing&#xd;
a very low level of fat (no fat (NF)) and six fat-supplemented diets (10%: tallow (T), high-oleic sunflower oil (HOSF), sunflower&#xd;
oil (SFO), linseed oil (LO), fat blend (FB: 55% tallow, 35% SFO, 10% LO) and fish oil blend (FO: 40% fish oil, 60% LO).&#xd;
Differential tissue FA depositions were observed, with flare fat being the most saturated, followed by intermuscular, and&#xd;
subcutaneous being the least saturated. Monounsaturated fatty acid (MUFA) deposition showed an opposite tissue pattern.&#xd;
Subcutaneous fat showed the highest MUFAs, intermuscular fat showed intermediate values and flare fat showed the lowest&#xd;
MUFAs. Intramuscular polyunsaturated fatty acid (PUFA) content was less susceptible to dietary treatment modifications&#xd;
compared with other depots. Significant tissue FA modifications were observed due to dietary treatments, mainly in diets rich in&#xd;
PUFA. The saturated fatty acids (SFA) were high in NF-fed and low in HOSF-fed animals, MUFA were high in HOSF-fed and low&#xd;
in SFO-, LO- and FO-fed animals, while PUFA were high in SFO- and LO-fed and low in HOSF-, T- and NF-fed animals. Pigs fed&#xd;
LO and FB showed detectable levels of EPA, which depended on the linolenic content of the diet. The only effective way to&#xd;
increase tissue DHA contents was to add DHA in the diet through FO feeding. Araquidonic acid was high in SFO diets and&#xd;
low in LO and FB diets, and also high in intramuscular fat compared with other tissues. EPA and DHA were also high in&#xd;
intramuscular fat compared with other fat depots. The deposition of oleic and linoleic acids depended on the composition of&#xd;
dietary fat, as their deposition varied between diets, even at similar levels of intake of each FA. The NF diet resulted in the&#xd;
greatest proportion of SFAs (palmitic and stearic) of all treatments tested. SFAs were less susceptible to modification than&#xd;
MUFA in response to the different PUFA levels supplemented in the diet. T resulted in less fat deposition in some of the fat&#xd;
depots and more in others, suggesting that T could partition fat differently among fat depots.</subfield>
   </datafield>
   <datafield ind1="8" ind2=" " tag="024">
      <subfield code="a">Duran-Montgé, P., C.E. Realini, A.C. Barroeta, R. Lizardo, and E. Esteve-Garcia. 2008. “Tissue Fatty Acid Composition of Pigs Fed Different Fat Sources.” Animal 2 (12): 1753-1762. doi: 10.1017/s1751731108003169</subfield>
   </datafield>
   <datafield ind1="8" ind2=" " tag="024">
      <subfield code="a">1751-7311</subfield>
   </datafield>
   <datafield ind1="8" ind2=" " tag="024">
      <subfield code="a">http://hdl.handle.net/20.500.12327/3405</subfield>
   </datafield>
   <datafield ind1="8" ind2=" " tag="024">
      <subfield code="a">https://doi.org/10.1017/S1751731108003169</subfield>
   </datafield>
   <datafield ind2="0" ind1="0" tag="245">
      <subfield code="a">Tissue fatty acid composition of pigs fed different fat sources</subfield>
   </datafield>
</record></metadata></record></GetRecord></OAI-PMH>